Identifikácia a analýza potrieb vzdelávania zamestnancov v B.M. Kávoviny, s.r.o. Sereď : Diplomová práca

Enregistré dans:
Détails bibliographiques
Auteur principal: Vrabec, Jozef (Auteur)
Autres auteurs: Holková, Andrea (xxx)
Format: Manuscrit Livre
Langue:slovaque
Publié: Trnava : STU v Bratislave MtF KPIM, 2004
Sujets:
Tags: Ajouter un tag
Pas de tags, Soyez le premier à ajouter un tag!

MARC

LEADER 00000ntm a22000003a 4500
001 stu89341
005 20160719154641.9
008 040728s2004----xo------------------slo-d
040 |a STU  |b slo 
041 0 |a slo 
044 |a xo 
100 1 |a Vrabec, Jozef  |4 aut 
245 1 |a Identifikácia a analýza potrieb vzdelávania zamestnancov v B.M. Kávoviny, s.r.o. Sereď :  |b Diplomová práca 
260 |a Trnava :  |b STU v Bratislave MtF KPIM,  |c 2004 
300 |a 65 s  |c príl (CD) 
650 7 |a priemyselné inžinierstvo a manažment  |2 stusub 
700 1 |a Holková, Andrea  |4 xxx  |u M4000  |U MTF Materiálovotechnologická fakulta  |T MTF Ústav priemyselného inžinierstva a manažmentu  |U M4000  |Y 84 
996 |b 284M060007  |c M*DP-5355  |l MMSKP  |s P  |a 0  |w stu89341_0001